000 00853nam a2200265 a 4500
001 53365
005 20180714043608.0
008 140415s1989 mx r 000 0 spa d
020 _a9688630912
041 _aspa
082 0 _a128
_bBEU
100 1 _aBeuchot, Mauricio,
_d1950-
_eautor
245 1 0 _aHermenéutica, lenguaje e inconsciente /
_cMauricio Beuchot.
250 _a[Priemra edición]
264 1 _aMéxico :
_bUniversidad Autónoma de Puebla,
_c1989
300 _a189 páginas ;
_c22 cm.
336 _atexto
_2rdacontent
337 _asin mediación
_2rdamedia
338 _avolumen
_2rdacarrier
490 0 _aColección ciencias del lenguaje semiolingüística
650 4 _aHermenéutica
_xFilosofía
650 4 _aAntropología Filosófica
650 4 _aFilosofía del lenguaje
650 4 _aFilosofía
_ySiglo xx
999 _c53365
_d53365